000 00358nam a2200133 4500
005 20260119131443.0
008 260119b |||||||| |||| 00| 0 eng d
020 _a9789352694990
100 _aSharma Lata
245 _aWeb-Based Application
_c/Lata Sharma
260 _aNew Delhi;
_bRandom Publications;
_c2020.
300 _avi; 296p.
_c24cm
942 _2lcc
_n0
_cBK
999 _c134
_d134